[Event "1st WMSG Blitz Pair"]
[Site "Beijing CHN"]
[Date "2008.10.08"]
[Round "1"]
[White "Kojima,S"]
[Black "Adianto,U"]
[Result "0-1"]
[WhiteElo "2272"]
[BlackElo "2554"]

1.Nf3 Nf6 2.c4 e6 3.Nc3 c5 4.g3 Nc6 5.Bg2 d5 6.cxd5 Nxd5 7.O-O Be7 8.d4 O-O
9.Nxd5 exd5 10.dxc5 Bxc5 11.Bg5 Qd7 12.Rc1 Bb6 13.Qc2 h6 14.Bf4 Qe7 15.Rfd1 Be6
16.Ne5 Nd4 17.Qd2 Qf6 18.Nf3 Nc6 19.b4 Rad8 20.b5 Na5 21.Be5 Qg6 22.Bd4 Nc4
23.Qd3 Bf5 24.Qb3 Be4 25.Nh4 Qe6 26.Bxb6 Nxb6 27.Bxe4 Qxe4 28.Qd3 Rfe8 29.e3 Rc8
30.Qxe4 dxe4 31.Ng2 g5 32.h4 Kg7 33.hxg5 hxg5 34.Ne1 Rxc1 35.Rxc1 Re5 36.Rc7 Rxb5
37.Rxb7 Ra5 38.Nc2 Rxa2 39.Nd4 Nc4 40.Nf5+ Kg6 41.Ne7+ Kf6 42.Nc6 a5 43.Nd8 Ne5
44.Kg2 g4 45.Ra7 a4 46.Nb7 Nf3 47.Nc5 Ra1 48.Nxe4+ Ke5  0-1

[Event "1st WMSG Blitz Pair"]
[Site "Beijing CHN"]
[Date "2008.10.08"]
[Round "3"]
[White "Rasmussen,Kar"]
[Black "Greet,A"]
[Result "0-1"]
[WhiteElo "2466"]
[BlackElo "2440"]

1.c4 Nf6 2.Nf3 e6 3.Nc3 c5 4.e3 d5 5.cxd5 exd5 6.d4 Nc6 7.Be2 cxd4 8.Nxd4 Bc5
9.O-O O-O 10.Bf3 Ne5 11.Nce2 Nxf3+ 12.Nxf3 Bg4 13.b3 Re8 14.Bb2 Bxf3 15.gxf3 Rc8
16.Rc1 Re6 17.Nf4 Rd6 18.Be5 Rd7 19.Bxf6 gxf6 20.Kh1 Kh8 21.Rg1 d4 22.Qc2 dxe3
23.fxe3 Rc6 24.Qg2 Qf8 25.Rc3 Rd8 26.Nh5 Qh6 27.Nf4 Bb6 28.Rxc6 bxc6 29.Re1 Bxe3
30.Rxe3 Rd1+ 31.Qg1 Rxg1+ 32.Kxg1 Qxf4 33.Re8+ Kg7 34.Re2 Qxf3 35.Rg2+ Kf8
36.Rf2 Qd1+ 37.Kg2 f5 38.Kg3 Qg4+  0-1

[Event "1st WMSG Rapid Pair"]
[Site "Beijing CHN"]
[Date "2008.10.09"]
[Round "3"]
[White "Solomon,K"]
[Black "Batchuluun,C"]
[Result "1-0"]
[WhiteElo "2337"]
[BlackElo "2346"]

1.Nf3 Nf6 2.c4 c5 3.Nc3 b6 4.g3 Bb7 5.Bg2 e6 6.O-O Be7 7.Re1 O-O 8.e4 d6
9.d4 cxd4 10.Nxd4 Qc8 11.b3 a6 12.Bb2 Nbd7 13.Rc1 Qc7 14.g4 g6 15.h3 Rac8
16.Qd2 Rfe8 17.Nde2 Bf8 18.Ng3 h6 19.Kh1 Qb8 20.Rcd1 Red8 21.Qe2 Bc6 22.a4 Bg7
23.Ba1 Nc5 24.Rb1 Rc7 25.Red1 Rcc8 26.Kg1 e5 27.Nd5 Bxd5 28.cxd5 b5 29.Bf1 b4
30.Qe3 Nfd7 31.Bb2 Rc7 32.Rdc1 Rdc8 33.Rc4 Kh7 34.Bc1 a5 35.Bd2 Nb6 36.Rcc1 Ncd7
37.Rxc7 Rxc7 38.Bb5 Nc5 39.Kg2 Qd8 40.Rc1 Qh4 41.Qf3 Qf6 42.Qe3 Qh4 43.Qf3 Qf6
44.h4 Qxf3+ 45.Kxf3 Bf6 46.g5 hxg5 47.hxg5 Bd8 48.Rb1 Kg7 49.Be3 Nbd7 50.Rc1 Nb6
51.Rb1 Nc8 52.Nf1 Na7 53.Be2 Nc8 54.Nd2 Nb6 55.Bb5 Be7 56.Rc1 Rc8 57.Rh1 Rc7
58.Ke2 Rc8 59.f4 f6 60.gxf6+ Bxf6 61.Rg1 exf4 62.Bxf4 Be5 63.Bxe5+ dxe5 64.Rc1 Kf6
65.Ke3 Nb7 66.Rc6+ Rxc6 67.dxc6 Nd6 68.Ba6 Ke7 69.Nf3 Nf7 70.Bb5 Kd6 71.Nh4 Nh8
72.Kf3 Nc8 73.Kg4 Na7 74.Bc4  1-0

[Event "Chigorin Memorial"]
[Site "St Petersburg RUS"]
[Date "2008.10.09"]
[Round "7"]
[White "Eidelson,R"]
[Black "Gorbatov,A"]
[Result "0-1"]
[WhiteElo "2220"]
[BlackElo "2421"]

1.Nf3 c5 2.c4 Nf6 3.Nc3 e6 4.g3 b6 5.Bg2 Bb7 6.O-O Be7 7.d4 cxd4 8.Nxd4 Bxg2
9.Kxg2 Qc7 10.b3 a6 11.Bb2 Qb7+ 12.f3 d6 13.e4 Nbd7 14.Re1 O-O 15.Qe2 Rfc8
16.Rad1 Rab8 17.f4 Bf8 18.Qf3  0-1

[Event "1st WMSG Rapid Pair"]
[Site "Beijing CHN"]
[Date "2008.10.10"]
[Round "4"]
[White "Nyback,T"]
[Black "Solomon,K"]
[Result "1-0"]
[WhiteElo "2634"]
[BlackElo "2337"]

1.Nf3 Nf6 2.c4 c5 3.Nc3 e6 4.g3 b6 5.Bg2 Bb7 6.O-O Nc6 7.e4 d6 8.d4 cxd4
9.Nxd4 Rc8 10.b3 Be7 11.Ba3 O-O 12.Ndb5 Ne8 13.e5 d5 14.cxd5 exd5 15.Qxd5 Bxa3
16.Nxa3 Qe7 17.Nab5 Rd8 18.Qe4 a6 19.Nd6 Nxd6 20.exd6 Qxd6 21.Rfd1 Qb8 22.Nd5 Ba8
23.Rac1 Kh8 24.Qh4 Ne5 25.Qf4 f6 26.Be4 f5 27.Bg2 b5 28.Qe3 Rfe8 29.Qc5 Rc8
30.Qb6 Rxc1 31.Rxc1 Qxb6 32.Nxb6 Bxg2 33.Kxg2 g6 34.Rc7 Nd3 35.Nd5 Rf8 36.f4 Kg8
37.Rc3 Nb2 38.Rc7 Rf7 39.Kf3 a5 40.Ke2 a4 41.Kd2 a3 42.Rxf7 Kxf7 43.Nc7 b4
44.Nd5 Ke6 45.Nxb4 Kd6 46.Nc2 Kc5 47.Nxa3 Kd4 48.Nc2+ Ke4 49.Ne1 Kd5  1-0

[Event "1st WMSG Rapid Pair"]
[Site "Beijing CHN"]
[Date "2008.10.10"]
[Round "5"]
[White "Nyback,T"]
[Black "Sasikiran,K"]
[Result "1-0"]
[WhiteElo "2634"]
[BlackElo "2694"]

1.Nf3 c5 2.c4 Nf6 3.Nc3 d5 4.cxd5 Nxd5 5.d4 Nxc3 6.bxc3 g6 7.e4 Bg7 8.Rb1 O-O
9.Be2 Qc7 10.O-O Rd8 11.Qa4 Nd7 12.Bg5 Nf6 13.d5 h6 14.Be3 b6 15.Qc2 Ng4
16.Bd2 e6 17.c4 exd5 18.cxd5 Bd7 19.h3 Ne5 20.Nh2 g5 21.f4 Ng6 22.fxg5 hxg5
23.Bxg5 Re8 24.Bg4 Re5 25.Bf6 Rae8 26.Bxd7 Qxd7 27.Bxe5 Nxe5 28.Nf3 Qe7 29.Nxe5 Qxe5
30.Rbd1 Kf8 31.Qf2 Qd4 32.Kh1 Qxf2 33.Rxf2 Rxe4 34.d6 Bd4 35.d7 Ke7 36.Rxf7+ Kd8
37.Rdf1 b5 38.g4 c4 39.Rh7 Bc5 40.Rf5 Be7 41.Rd5 c3 42.Rh8+ Kc7 43.Rc8+ Kb6
44.Rxc3  1-0

[Event "Belgrade Premier League"]
[Site "Belgrade SRB"]
[Date "2008.10.10"]
[Round "6"]
[White "Krnic,Z"]
[Black "Pikula,D"]
[Result "1/2-1/2"]
[WhiteElo "2381"]
[BlackElo "2576"]

1.Nf3 c5 2.c4 Nf6 3.Nc3 e6 4.e4 d6 5.Be2 b6 6.d4 cxd4 7.Nxd4 Bb7 8.f3 Be7
9.Qa4+ Nfd7 10.Be3 O-O 11.O-O a6 12.Rfd1 Qc7 13.Rac1 Nf6 14.Bf1 Nbd7 15.b4 Rac8
16.Qb3 Qb8 17.a3 Rfe8 18.Kh1 Kh8 19.Qa2 Qa8 20.Bg1 Rc7 21.Qd2 Rec8 22.Nb3 Qb8
23.Qe3 Ne5 24.Nd2 Nfd7 25.h3 g5 26.f4 gxf4 27.Qxf4 Rg8 28.Bd4 f6 29.Qe3 Bc6
30.b5 axb5 31.cxb5 Ba8 32.Na4 Nc5 33.Nxc5 bxc5 34.Bb2 Ra7 35.Qf2 Rg6 36.Re1 d5
37.Rxc5 Ng4 38.Rc8+ Qxc8 39.Qxa7 Qf8 40.Bd4 e5 41.Bg1 d4 42.hxg4 Bc5 43.b6 Rh6+
44.Bh2 Rxh2+ 45.Kxh2 Qh6+ 46.Kg3 Qf4+ 47.Kh3  1/2-1/2

[Event "Belgrade Premier League"]
[Site "Belgrade SRB"]
[Date "2008.10.10"]
[Round "6"]
[White "Todorovic,GN"]
[Black "Svetac,N"]
[Result "1/2-1/2"]
[WhiteElo "2387"]
[BlackElo "2328"]

1.Nf3 Nf6 2.c4 c5 3.Nc3 g6 4.g3 b6 5.Bg2 Bb7 6.O-O Bg7 7.d4 cxd4 8.Qxd4 Nc6
9.Qf4 Rc8 10.Rd1 Qc7 11.Qxc7 Rxc7 12.Bf4 d6 13.Rac1 O-O 14.Bg5 Rd7 15.Ne1 h6
16.Be3 e6  1/2-1/2

[Event "Chigorin Memorial"]
[Site "St Petersburg RUS"]
[Date "2008.10.10"]
[Round "8"]
[White "Gorbatov,A"]
[Black "Valov,I"]
[Result "1-0"]
[WhiteElo "2421"]
[BlackElo "2269"]

1.c4 Nf6 2.Nc3 c5 3.Nf3 g6 4.d4 Bg7 5.d5 d6 6.e4 O-O 7.Bd3 a6 8.O-O b5 9.cxb5 axb5
10.Bxb5 Qa5 11.a4 Bg4 12.h3 Bxf3 13.Qxf3 Na6 14.Bd2 Nc7 15.Bc6 Rab8 16.Nb1 Qa6
17.Bc3 Rfd8 18.Na3 Nd7 19.Bxg7 Kxg7 20.Qc3+ Kg8 21.Nb5 Rbc8 22.f4 Nb8 23.Nxc7 Rxc7
24.Bb5 Qb6 25.Kh1 Rb7 26.b3 Na6 27.Bc4 Nc7 28.Rad1 Ne8 29.g4 Qc7 30.Qf3 Ng7
31.e5 Rf8 32.Rde1 Rbb8 33.Qe3 Rbd8 34.f5 f6 35.fxg6 hxg6 36.exd6 exd6 37.Bb5 Qf7
38.Bc6 Ne8 39.Qe7 Nc7 40.Rf4 Qxe7 41.Rxe7 Rf7 42.Rxf7 Kxf7 43.g5 f5 44.b4 cxb4
45.Rxb4 Na6 46.Rb7+ Kf8 47.a5 Nc5 48.Rb6 Nd7 49.Bxd7 Rxd7 50.a6 Rc7 51.Rb8+ Ke7
52.Rb7 Kd8 53.Rxc7 Kxc7 54.h4  1-0

[Event "1st WMSG Rapid Pair"]
[Site "Beijing CHN"]
[Date "2008.10.11"]
[Round "8"]
[White "Rasmussen,Kar"]
[Black "Solomon,K"]
[Result "0-1"]
[WhiteElo "2466"]
[BlackElo "2337"]

1.Nf3 Nf6 2.c4 c5 3.Nc3 e6 4.e3 b6 5.d4 cxd4 6.exd4 Bb7 7.Bd3 d5 8.cxd5 Nxd5
9.Ne5 a6 10.O-O Nc6 11.Nxc6 Bxc6 12.Qg4 Nf6 13.Qh4 Be7 14.Bg5 h6 15.Rac1 Bb7
16.Rfe1 Rc8 17.Be3 b5 18.a3 Nd5 19.Qg4 Nxe3 20.fxe3 O-O 21.Bb1 Bg5 22.Qe2 Kh8
23.Qd3 f5 24.Rcd1 Qb6 25.Kh1 Rcd8 26.e4 e5 27.d5 f4 28.Rf1 Be7 29.Ne2 Qg6
30.g3 Bd6 31.Rc1 Ba8 32.a4 bxa4 33.Qxa6 f3 34.Ng1 Qh5 35.Rc3 f2 36.Ne2 Qh3
37.Nc1 Bb7 38.Qe2 Ra8 39.Rxf2 Rxf2 40.Qxf2 Ba6 41.Rf3 Rc8 42.Nd3 Qg4 43.Kg2 Qxe4
44.Nc5 Qxb1 45.Nxa6 Qe4 46.Kh3 Qxd5 47.Rf5 Qe6 48.g4 e4 49.Qe3 Be7 50.Qe2 e3
51.Rf3 Bg5 52.Rf5 Rd8 53.Nc5 Qe7 54.Nd3 Qe4 55.Ne5 Rd2 56.Nf3 Rd8 57.Nxg5 hxg5
58.Re5 Rd3 59.b3 Rxb3  0-1

[Event "TCh-AUT 2nd Bundesliga Mitte 2008-9"]
[Site "Austria AUT"]
[Date "2008.10.12"]
[Round "2"]
[White "Langheinrich,F"]
[Black "Spirk,S"]
[Result "1-0"]
[WhiteElo "2421"]
[BlackElo "2128"]

1.Nf3 Nf6 2.c4 c5 3.Nc3 d5 4.cxd5 Nxd5 5.g3 Nc6 6.Bg2 Nc7 7.a3 e5 8.O-O Be7
9.b4 f6 10.bxc5 Ne6 11.e3 Bxc5 12.Qb3 O-O 13.d4 exd4 14.exd4 Nxd4 15.Nxd4 Bxd4
16.Rb1 Bxc3 17.Qxc3 Kh8 18.Be3 Rf7 19.a4 Rc7 20.Qa3 Bd7 21.Bxb7 Rb8 22.Bg2 Qe8
23.Rxb8 Qxb8 24.Qd6 Qf8 25.Qa6 Qc8 26.Qa5 Rc4 27.Qxa7 Rxa4 28.Qb6 h6 29.h4 Ra6
30.Qb3 Ba4 31.Qd3 Bc6 32.Rc1 Qa8 33.Rxc6 Rxc6 34.Qd7 Qa1+ 35.Kh2 Ra6 36.Qe8+ Kh7
37.Be4+  1-0

[Event "Belgrade Premier League"]
[Site "Belgrade SRB"]
[Date "2008.10.12"]
[Round "8"]
[White "Todorovic,GN"]
[Black "Brkljaca,A"]
[Result "1/2-1/2"]
[WhiteElo "2387"]
[BlackElo "2366"]

1.Nf3 Nf6 2.c4 c5 3.Nc3 g6 4.g3 Bg7 5.d4 cxd4 6.Nxd4 Nc6 7.Bg2 O-O 8.O-O Nxd4
9.Qxd4 d6 10.Qd3 Bf5 11.e4 Be6  1/2-1/2

[Event "1st WMSG Blitz Team"]
[Site "Beijing CHN"]
[Date "2008.10.13"]
[Round "1"]
[White "Kojima,S"]
[Black "Likavsky,T"]
[Result "0-1"]
[WhiteElo "2272"]
[BlackElo "2498"]

1.Nf3 c5 2.c4 Nf6 3.Nc3 d5 4.cxd5 Nxd5 5.e4 Nb4 6.Bc4 e6 7.O-O N4c6 8.d3 Be7
9.Be3 O-O 10.a4 Nd4 11.Bxd4 cxd4 12.Ne2 Nc6 13.Ng3 a6 14.Rc1 Bd7 15.Qe2 Rc8
16.e5 Qa5 17.Bb3 Rfd8 18.Rfe1 Be8 19.Nd2 Bb4 20.Nc4 Qc7 21.Red1 b5 22.axb5 axb5
23.Nd6 Bxd6 24.exd6 Qxd6 25.Ne4 Qe7 26.Qh5 Nb4 27.Rxc8 Rxc8 28.Qe5 Qc7 29.Qxd4 Nc6
30.Qd6 Qxd6 31.Nxd6 Rd8 32.Nxe8 Rxe8 33.Rc1  0-1

[Event "1st WMSG Blitz Team"]
[Site "Beijing CHN"]
[Date "2008.10.13"]
[Round "9"]
[White "Sandler,L"]
[Black "Burstein,R"]
[Result "0-1"]
[WhiteElo "2357"]
[BlackElo "2331"]

1.c4 Nf6 2.Nc3 c5 3.Nf3 g6 4.d4 cxd4 5.Nxd4 Bg7 6.e4 O-O 7.Be2 Nc6 8.Be3 d6
9.O-O Bd7 10.h3 Rc8 11.b3 b6 12.Rc1 Nxd4 13.Bxd4 Bc6 14.f3 Qd7 15.Qd2 Bb7
16.Rfd1 Nh5 17.Bxg7 Nxg7 18.Nd5 Bxd5 19.cxd5 Rc5 20.b4 Rxc1 21.Rxc1 Rc8 22.Ba6 Rxc1+
23.Qxc1 Ne8 24.Qc2 Qc7 25.Qxc7 Nxc7 26.Bd3 Kg7 27.Kf2 Kf6 28.Ke3 g5 29.Kd4 h5
30.g3 h4 31.gxh4 gxh4 32.f4 e5+ 33.dxe6 fxe6 34.a4 e5+ 35.Ke3 Ne6 36.f5 Nf4
37.Bf1 d5 38.a5 d4+ 39.Kd2 Nh5 40.Kd3 Kg5 41.Kc4 Kf4 42.axb6 axb6 43.Bd3 Kg3
44.Bf1 Kf2 45.Bd3 Ke3 46.Bc2 Nf6 47.Kb5 d3 48.Bd1 Kd2 49.Ba4 Kc1 50.Kxb6 d2
51.Kc6 Nxe4 52.Kd5 Nc3+ 53.Kxe5 Nxa4 54.f6 Kb2  0-1

[Event "1st WMSG Blitz Team w"]
[Site "Beijing CHN"]
[Date "2008.10.13"]
[Round "10"]
[White "Reizniece,D"]
[Black "Hou Yifan"]
[Result "0-1"]
[WhiteElo "2335"]
[BlackElo "2578"]

1.c4 c5 2.Nf3 Nf6 3.Nc3 b6 4.g3 Bb7 5.Bg2 d6 6.O-O Nbd7 7.d4 cxd4 8.Qxd4 g6
9.b3 Bg7 10.Bb2 O-O 11.Qd2 Rc8 12.Rac1 a6 13.Rfe1 Nc5 14.Nd4 Bxg2 15.Kxg2 d5
16.cxd5 Nxd5 17.e4 Nb4 18.Rcd1 Nbd3 19.Re3 Nxb2 20.Nc6 Qe8 21.Nb4 a5 22.Nbd5 Nbd3
23.Rxd3 Nxd3 24.Qxd3 e6 25.Nxb6 Rxc3 26.Qd2 Qc6 27.Nc4 Qxe4+ 28.Kg1 Rc2 29.Qxa5 Qe2
30.Rf1 Bd4  0-1

[Event "Belgrade Premier League"]
[Site "Belgrade SRB"]
[Date "2008.10.13"]
[Round "9"]
[White "Stamenkovic,A"]
[Black "Kosanovic,D"]
[Result "1/2-1/2"]
[WhiteElo "2283"]
[BlackElo "2309"]

1.Nf3 c5 2.c4 Nf6 3.Nc3 e6 4.g3 b6 5.Bg2 Bb7 6.O-O d6 7.d4 cxd4 8.Qxd4 a6
9.Bg5 Be7 10.Bxf6 Bxf6 11.Qf4 O-O 12.Rfd1 Be7 13.Ne4 Bxe4 14.Qxe4 Ra7 15.Rac1 Rd7
16.Bh3 Bf6 17.Rc2 Qc7 18.Ne1 Rc8 19.Rdc1 Qd8 20.Nd3 Nc6 21.e3 Rdc7 22.b3 Kh8
23.Rd1 Nb8 24.Rcd2 Bc3 25.Rc2 Bf6 26.Rcd2 Bc3 27.Rc2 Bf6 28.Rcd2  1/2-1/2

[Event "1st WMSG Rapid Team w"]
[Site "Beijing CHN"]
[Date "2008.10.14"]
[Round "1"]
[White "Gomes,Mary"]
[Black "Panella,F"]
[Result "1/2-1/2"]
[WhiteElo "2298"]
[BlackElo "2004"]

1.Nf3 Nf6 2.c4 c5 3.Nc3 e6 4.g3 d5 5.cxd5 Nxd5 6.Bg2 Be7 7.O-O Nc6 8.d4 Nxc3
9.bxc3 O-O 10.e4 Bf6 11.Be3 cxd4 12.cxd4 Qa5 13.Qb3 Rd8 14.Rfd1 Qb4 15.Qxb4 Nxb4
16.Rd2 Bd7 17.Rb1 a5 18.a3 Na6 19.d5 exd5 20.exd5 b5 21.Bb6 Rdc8 22.Bxa5 Nc5
23.Bb4 Bf5 24.Rbd1 Ne4 25.Re2 Nc3 26.Bxc3 Rxc3 27.d6 Rcxa3 28.d7 Be6 29.Nd4 Ra1
30.Ree1 Rxd1 31.Rxd1 Rd8 32.Nxe6 fxe6 33.Bc6 b4 34.Ba4 Kf7 35.f4 Ke7 36.Re1 Ra8
37.Bb3 Ra1 38.Rxa1 Bxa1 39.Bxe6 b3 40.Bxb3 Kxd7 41.Kg2 Ke7 42.Kf3 Bd4 43.Ke4 Bf6
44.g4 h6 45.Kf5 Bc3 46.h4 Bf6 47.Kg6 Kf8 48.g5 hxg5 49.hxg5 Bc3  1/2-1/2

[Event "24th ECC"]
[Site "Kallithea GRE"]
[Date "2008.10.17"]
[Round "1"]
[White "Greenfeld,A"]
[Black "Urkedal,F"]
[Result "1-0"]
[WhiteElo "2560"]
[BlackElo "2316"]

1.Nf3 Nf6 2.c4 e6 3.Nc3 c5 4.g3 b6 5.Bg2 Bb7 6.O-O Be7 7.Re1 Ne4 8.Nxe4 Bxe4
9.d4 O-O 10.d5 exd5 11.cxd5 d6 12.Bf4 Bf6 13.Qb3 Qe7 14.Qe3 Re8 15.Bxd6 Qd8
16.Bf4 Bxb2 17.Rad1 c4 18.Bc7 Qxc7 19.Ng5 Na6 20.Nxe4 c3 21.d6 Qd7 22.Qd3 Nb4
23.Qc4 Nc2 24.Rf1 Na3 25.Qb3 c2 26.Qxb2 cxd1=Q 27.Rxd1 Nc4 28.Qd4 Ne5 29.f4 Nc6
30.Qd5 Nb4 31.Qc4 a5 32.Qc7 Qxc7 33.dxc7 Na6 34.Nd6 Nxc7 35.Nxe8 Rxe8 36.Bc6 Rc8
37.Rd7 Ne6 38.Bd5 g6 39.Rb7 Rc2 40.e3 Re2 41.e4 Nd4 42.Rxf7 Nf3+ 43.Kf1 Rd2
44.Rc7+ Kf8 45.Rc3 Nxh2+ 46.Ke1 Rb2 47.Rc8+ Ke7 48.Rc7+ Kd6 49.Rxh7 Kc5 50.Rd7 Kd4
51.e5 Ke3 52.Kd1 Ng4 53.Kc1 Rb5 54.e6 Rc5+ 55.Kb2 Rb5+ 56.Ka3 Nf6 57.e7 Rc5
58.Bf7 Kf3 59.Rd6  1-0

[Event "24th ECC"]
[Site "Kallithea GRE"]
[Date "2008.10.17"]
[Round "1"]
[White "Nyback,T"]
[Black "Sorensen,Jan1"]
[Result "1/2-1/2"]
[WhiteElo "2634"]
[BlackElo "2416"]

1.Nf3 Nf6 2.c4 c5 3.Nc3 g6 4.e4 Nc6 5.d4 cxd4 6.Nxd4 d6 7.Be2 Bg7 8.Be3 O-O
9.O-O Nxd4 10.Bxd4 Bd7 11.Qd2 Bc6 12.f3 a5 13.b3 Nd7 14.Be3 Nc5 15.Rab1 e6
16.Rfd1 Be5 17.g3 Qe7 18.Nb5 Rfd8 19.Nd4 d5 20.cxd5 exd5 21.Qc1 Ne6 22.Nxc6 bxc6
23.Qxc6 d4 24.Bf2 Rac8 25.Qa6 Rc2 26.Bf1 Rxa2 27.Ra1 Rxa1 28.Rxa1 d3 29.Rd1 Qb4
30.Rxd3 Rxd3 31.Qxd3 Bd4 32.Qd1 Qc3 33.Bc4 Bxf2+ 34.Kxf2 Nd4 35.Qd3 Qxd3
36.Bxd3 Nxb3 37.Ke3 Kg7 38.Bc4 Nc5 39.Kd4 Nd7 40.Bb5 Nf8 41.f4 Kf6 42.Kd5 Ke7
43.Kc5 Ne6+ 44.Kb6 g5 45.fxg5 Nxg5 46.Kxa5  1/2-1/2

[Event "Ugra Cup"]
[Site "Khantiy Mansiysk RUS"]
[Date "2008.10.19"]
[Round "5"]
[White "Kotsur,P"]
[Black "Iordachescu,V"]
[Result "1/2-1/2"]
[WhiteElo "2563"]
[BlackElo "2572"]

1.Nf3 Nf6 2.c4 e6 3.Nc3 c5 4.e4 Nc6 5.Be2 e5 6.d3 d6 7.a3 a5 8.O-O g6 9.Bg5 Bg7
10.Qc1 h6 11.Bd2 Bd7 12.Nb5 Be6 13.Ne1 Kf8 14.g3 Bh3 15.Ng2 h5 16.f4 Qd7
17.Rf2 Kg8 18.Nh4 exf4 19.Bxf4 Ne5 20.Bf1 Be6  1/2-1/2

[Event "24th ECC"]
[Site "Kallithea GRE"]
[Date "2008.10.20"]
[Round "4"]
[White "Yevseev,D"]
[Black "Meins,G"]
[Result "1/2-1/2"]
[WhiteElo "2534"]
[BlackElo "2460"]

1.Nf3 Nf6 2.c4 c5 3.Nc3 e6 4.g3 b6 5.Bg2 Bb7 6.O-O Be7 7.Re1 d5 8.cxd5 Nxd5
9.Nxd5 Qxd5 10.d4 cxd4 11.Qxd4 Qxd4 12.Nxd4 Bxg2 13.Kxg2 O-O 14.Be3 Rc8 15.Rac1 Na6
16.a3 Bf6 17.b4 Nc7 18.Nc6 Nb5 19.a4 Nc3 20.b5 Kf8 21.Rc2 Nxa4 22.Ra2 Nc3
23.Rxa7 Nxb5 24.Rxa8 Rxa8 25.Bxb6 Rc8 26.Na7  1/2-1/2

[Event "24th ECC"]
[Site "Kallithea GRE"]
[Date "2008.10.20"]
[Round "4"]
[White "Duncan,C"]
[Black "Atlas,V"]
[Result "1-0"]
[WhiteElo "2294"]
[BlackElo "2465"]

1.Nf3 Nf6 2.c4 c5 3.Nc3 b6 4.e4 d6 5.d4 cxd4 6.Nxd4 Bb7 7.Qe2 g6 8.g3 Bg7
9.Bg2 Nc6 10.Nxc6 Bxc6 11.O-O O-O 12.Bg5 h6 13.Be3 Qd7 14.Rad1 Qb7 15.f3 Rac8
16.Bh3 Rb8 17.Nd5 Nxd5 18.cxd5 Bd7 19.Bxd7 Qxd7 20.Rc1 Rbc8 21.Qd2 h5 22.b3 f5
23.Bd4 Bxd4+ 24.Qxd4 f4 25.Kg2 g5 26.e5 Qf5 27.gxf4 gxf4 28.e6 Rc5 29.Rxc5 bxc5
30.Qe4 Kg7 31.Rg1 Kf6 32.Kf2 a5 33.h4 Qxe4 34.fxe4 Ke5 35.Kf3 a4 36.Rg5+ Kd4
37.Rg7 Re8 38.Kxf4 axb3 39.axb3 Kc3 40.Kf5 Kxb3 41.Kg6 c4 42.Kf7 Rb8 43.Rg3+ c3
44.Kxe7 Kc4 45.Kxd6 c2 46.Rg7 Rb6+ 47.Ke5 Rb5 48.Rc7+ Rc5 49.Rxc5+ Kxc5 50.e7 c1=Q
51.e8=Q Qc3+ 52.Ke6 Qh3+ 53.Kf7 Qxh4 54.Qc6+ Kb4 55.d6 Qf4+ 56.Ke6 Qg4+ 57.Ke7 Qg5+
58.Kf7 Qf4+ 59.Ke8 Qe5+ 60.Kd8 h4 61.d7 Qb8+ 62.Ke7 Qe5+ 63.Qe6 Qg7+ 64.Kd6 Qd4+
65.Kc7 Qa7+ 66.Kc6 Qa6+ 67.Kd5 Qa5+ 68.Kd4 Qa1+ 69.Ke3 Qc1+ 70.Kf3 Qd1+ 71.Kf4 Qf1+
72.Kg4 Qg2+ 73.Kxh4 Qh2+ 74.Kg5 Qg3+ 75.Kf6 Qh4+ 76.Kf7 Qh7+ 77.Ke8 Qh8+
78.Ke7 Qg7+ 79.Kd6 Qd4+ 80.Qd5 Qf6+ 81.Kc7 Qg7 82.Kb8  1-0

[Event "WYCC Boys U16"]
[Site "Vung Tau City VIE"]
[Date "2008.10.20"]
[Round "1"]
[White "Rojas Alarcon,J"]
[Black "Ralys,V"]
[Result "1-0"]
[WhiteElo "2187"]
[BlackElo "1900"]

1.c4 c5 2.Nf3 Nf6 3.Nc3 e6 4.d4 cxd4 5.Nxd4 Bb4 6.Nb5 O-O 7.a3 Bxc3+ 8.Nxc3 d5
9.Bg5 Nbd7 10.cxd5 exd5 11.Qd2 Qb6 12.Rd1 Ne4 13.Nxe4 dxe4 14.g3 Ne5 15.Qd4 Qxd4
16.Rxd4 Bf5 17.Bg2 f6 18.Be3 Rfd8 19.Rb4 Nc6 20.Rxb7 Rab8 21.Rc7 Rd6 22.b4 a5
23.Bc5 Re6 24.O-O axb4 25.axb4 Nxb4 26.Bxb4 Rxb4 27.Ra1 Re8 28.h3 g5 29.Ra6 Rf8
30.Re7 Rf7 31.Re8+ Kg7 32.g4 Bg6 33.Rae6 Rfb7 34.Bxe4 Bxe8 35.Bxb7 Rb1+ 36.Kh2 Bf7
37.Re7 Kf8 38.Rc7 Rb2 39.Bf3 Kg8 40.Kg3 Rb3 41.e3 Rb2 42.Bg2 h5 43.gxh5 Bxh5
44.Bd5+ Kf8 45.Rc6 Ke7 46.Re6+ Kd7 47.Rxf6 Rd2 48.Bf3 Ke7 49.Rf5  1-0

[Event "USCL 2008"]
[Site "ICC INT"]
[Date "2008.10.22"]
[Round "9"]
[White "Sinanan,J"]
[Black "Andrews,T"]
[Result "0-1"]
[WhiteElo "2170"]
[BlackElo "2331"]

1.Nf3 Nf6 2.c4 c5 3.Nc3 d5 4.cxd5 Nxd5 5.Qa4+ Bd7 6.Qb3 Nxc3 7.dxc3 Qb6 8.e4 Nc6
9.Qxb6 axb6 10.Bb5 Ne5 11.Bxd7+ Nxd7 12.Be3 g6 13.Ke2 Bg7 14.a4 O-O 15.Nd2 Ra6
16.Ra3 Rfa8 17.Rha1 Kf8 18.Nc4 Ne5 19.Nxe5 Bxe5 20.f4 Bc7 21.Kd3 Ke8 22.Kc4 Ra5
23.e5 Kd7 24.b4 cxb4 25.Kxb4 f6 26.Bd4 fxe5 27.fxe5 Bxe5 28.Bxe5 Rxe5 29.c4 Kc6
30.Rf1 Rd8 31.Raf3 Rd2 32.R1f2 Ree2 33.Rxe2 Rxe2 34.Rh3 h5 35.Rg3 Re6 36.Rg5 Rf6
37.h4 Rd6 38.g4 hxg4 39.Rxg4 e5 40.Re4 Re6 41.Kb3 Kd7 42.Kb4 Ke7 43.a5 bxa5+
44.Kxa5 Kf6 45.Kb4 Kf5 46.Re1 e4 47.Kc5 e3 48.Kd4 e2  0-1

[Event "24th ECC"]
[Site "Kallithea GRE"]
[Date "2008.10.22"]
[Round "6"]
[White "Naumann,A"]
[Black "Pelletier,Y"]
[Result "1/2-1/2"]
[WhiteElo "2518"]
[BlackElo "2557"]

1.Nf3 Nf6 2.c4 c5 3.Nc3 e6 4.g3 b6 5.Bg2 Bb7 6.O-O Be7 7.Re1 d5 8.cxd5 exd5
9.d4 O-O 10.Bf4 Nbd7 11.Rc1 Ne4 12.dxc5 Bxc5 13.Nxe4 dxe4 14.Nd2 e3 15.Bxe3 Bxg2
16.Bxc5 Nxc5 17.Kxg2 Qd5+ 18.Nf3 Qxa2 19.b4 Rfd8 20.Qc2 Qxc2 21.Rxc2 Ne6
22.Ra1 Rd5 23.Ra6  1/2-1/2

[Event "24th ECC"]
[Site "Kallithea GRE"]
[Date "2008.10.23"]
[Round "7"]
[White "Anastasian,A"]
[Black "Meins,G"]
[Result "1/2-1/2"]
[WhiteElo "2565"]
[BlackElo "2460"]

1.Nf3 Nf6 2.c4 c5 3.Nc3 e6 4.g3 b6 5.Bg2 Bb7 6.O-O Be7 7.Re1 d5 8.cxd5 Nxd5
9.Nxd5 Qxd5 10.d3 O-O 11.Bd2 Bf6 12.Bc3 Bxc3 13.bxc3 Nc6 14.Nd4 Qd7 15.Nxc6 Bxc6
16.Bxc6 Qxc6 17.c4 e5 18.Qc2 Rfe8 19.f3 f5 20.a4 a5 21.e4 Rad8 22.Kg2 Rd4
23.exf5 Qd7 24.Re3 Qxf5 25.Qe2 Qd7 26.Ra3 Qd6 27.h4 h6 28.Rb3 Re6 29.Rb1 Qd7
30.Qc2 Red6 31.Rd1 Re6 32.Rde1 Red6 33.Rd1 Re6 34.Re4 Red6 35.Re3  1/2-1/2

[Event "WYCC Boys U16"]
[Site "Vung Tau City VIE"]
[Date "2008.10.26"]
[Round "7"]
[White "Raznikov,D"]
[Black "Kocheev,A"]
[Result "1/2-1/2"]
[WhiteElo "2251"]
[BlackElo "2114"]

1.Nf3 Nf6 2.c4 c5 3.Nc3 d5 4.cxd5 Nxd5 5.g3 Nc6 6.Bg2 Nc7 7.d3 e5 8.Nd2 Bd7
9.Nc4 Be7 10.O-O f6 11.f4 b5 12.Ne3 exf4 13.gxf4 O-O 14.Ncd5 Nxd5 15.Nxd5 Bd6
16.Be3 Rc8 17.Bf2 Ne7 18.Nxe7+ Qxe7 19.Qd2 f5 20.Bg3 Rfd8  1/2-1/2

[Event "SenWM"]
[Site "Bad Zwischenahn GER"]
[Date "2008.10.28"]
[Round "1"]
[White "Bernhoeft,E"]
[Black "Rotstein,J"]
[Result "0-1"]
[WhiteElo "2037"]
[BlackElo "2366"]

1.Nf3 c5 2.c4 Nf6 3.Nc3 e6 4.d4 cxd4 5.Nxd4 a6 6.e3 Qc7 7.Be2 b6 8.O-O Bb7
9.Qb3 d6 10.Bd2 Be7 11.Qa4+ Nbd7 12.b4 O-O 13.Rac1 Rfc8 14.Qb3 Bf8 15.Rfd1 Ne5
16.Na4 Ne4 17.Be1 b5 18.Nb2 bxc4 19.Bxc4 Nxc4 20.Rxc4 Qd7 21.Rcc1 e5 22.Ne2 Rxc1
23.Rxc1 Rc8 24.Rxc8 Qxc8 25.a3 Qc6 26.f3 Nf6 27.Qc4 Qb6 28.Bf2 d5 29.Qc2 g6
30.Qc3 Nd7 31.Na4 Qb5 32.Qc2 Bg7 33.Nac3 Qc4 34.Qa4 Bc6 35.Qa5 Bf6 36.Qc7 e4
37.Be1 exf3 38.gxf3 d4 39.exd4 Bxd4+ 40.Kf1 Be5 41.Qc8+ Kg7 42.Ne4 Nb6 43.Qg4 Bb5
44.Ng3 Qxg4 45.fxg4 Bb2 46.Ne4 Nd5 47.Bd2 Bxa3 48.Nd6 Bxb4 49.Bxb4 Bxe2+
50.Kxe2 Nxb4 51.Kd2 Kf6 52.Kc3 Nc6 53.h3 h6 54.Ne4+ Ke5  0-1

[Event "TCh-CHN Torch Real Estate Cup"]
[Site "Jiangsu Wuxi CHN"]
[Date "2008.10.29"]
[Round "11"]
[White "Xu Jun"]
[Black "Wang Li"]
[Result "1/2-1/2"]
[WhiteElo "2534"]
[BlackElo "2407"]

1.c4 c5 2.Nf3 Nf6 3.Nc3 b6 4.d4 cxd4 5.Nxd4 Bb7 6.f3 e6 7.e4 d6 8.Be2 Be7
9.O-O Nbd7 10.Be3 a6 11.Qd2 O-O 12.Rfd1 Rc8 13.Nb3 Qc7 14.Rac1 Qb8 15.Bf1 Rfe8
16.Kh1 h6 17.Rc2 Ba8 18.Bg1 Kh8 19.Qf2 Nc5 20.Nd4 Bd8 21.b4 Ncd7 22.Nb3 Bb7
23.Qd4 Bc7 24.a4 Ne5 25.Qd2 Red8 26.Qf2 Rd7 27.a5 bxa5 28.b5 Bd8 29.Na4 Ba8
30.b6 Bc6 31.Ra2 Bxa4 32.Rxa4 Rc6 33.Qb2 Rb7 34.Nxa5 Rcxb6 35.Bxb6 Rxb6 36.Qc3 Nfd7
37.Raa1 Nc5 38.Qd4 Bf6 39.Qd2 Ned7 40.Ra2 Be5 41.Qc2 g5 42.g3 Qd8 43.Rb1 Rxb1
44.Qxb1 Bc3 45.Nb7 Qf6 46.Nxc5 Nxc5 47.Qd1 Qe5 48.Be2 a5 49.Kg2 a4 50.Rxa4 Nxa4
51.Qxa4 Bd4 52.Qa3 Bc5 53.Qd3 Qa1 54.Qd1 Qc3 55.Qd3 Qe1 56.Qd1 Qf2+ 57.Kh1 Kg7
58.Qf1 Qe3 59.Kg2 h5 60.Bd3 Kf6 61.Be2 Qd4 62.Bd3 Ke7 63.Be2 Kd7 64.Bd3 Kc6
65.Be2 Qb2 66.Kh3 Kc7 67.Bd3 Qe5 68.Kg2 Qd4 69.Be2 f5 70.exf5 exf5 71.Bd3 f4
72.gxf4 Qxf4 73.Qe2 Qf6 74.Be4 Qd4 75.Bd5 Qg1+ 76.Kh3 Be3 77.f4 Kd8 78.fxg5 Qxg5
79.Qf3 Bf4 80.Be6 Ke7 81.Bc8 Be5 82.Qb7+ Kf6 83.Qf3+ Kg7 84.Qg2  1/2-1/2